Chemical coping : (Record no. 903)

MARC details
000 -LEADER
fixed length control field 00926nam a22003011a 4500
005 - DATE AND TIME OF LATEST TRANSACTION
control field 20260322212038.0
008 - FIXED-LENGTH DATA ELEMENTS--GENERAL INFORMATION
fixed length control field data
010 ## - LIBRARY OF CONGRESS CONTROL NUMBER
LC control number 74030196 // r85
020 ## - INTERNATIONAL STANDARD BOOK NUMBER
International Standard Book Number 0470143266
020 ## - INTERNATIONAL STANDARD BOOK NUMBER
International Standard Book Number 9780470143261
043 ## - GEOGRAPHIC AREA CODE
Geographic area code n-us---
050 0# - LIBRARY OF CONGRESS CALL NUMBER
Classification number HV5825
Item number .C43
096 ## - LOCALLY ASSIGNED NLM-TYPE CALL NUMBER (OCLC)
Classification number WM 270 C356c 1975
001 - CONTROL NUMBER
control field data
100 1# - MAIN ENTRY--PERSONAL NAME
Personal name Chambers, Carl D.
245 10 - TITLE STATEMENT
Title Chemical coping :
Remainder of title a report on legal drug use in the United States /
Statement of responsibility, etc. by Carl D. Chambers, James A. Inciardi, and Harvey A. Siegel.
260 ## - PUBLICATION, DISTRIBUTION, ETC.
Place of publication, distribution, etc. New York :
Name of publisher, distributor, etc. distributed by Halsted Press,
-- distributed by Halsted Press,
Date of publication, distribution, etc. c1975.
300 ## - PHYSICAL DESCRIPTION
Extent 157 p. :
Other physical details ill. ;
Dimensions 24 cm.
500 ## - GENERAL NOTE
General note Includes index.
504 ## - BIBLIOGRAPHY, ETC. NOTE
Bibliography, etc. note Bibliography: p. 147-154.
590 ## - LOCAL NOTE (RLIN)
Local note Includes index.
650 #0 - SUBJECT ADDED ENTRY--TOPICAL TERM
Topical term or geographic name entry element Drug abuse
Geographic subdivision United States
Form subdivision Statistics.
650 #0 - SUBJECT ADDED ENTRY--TOPICAL TERM
Topical term or geographic name entry element Sedatives.
650 #0 - SUBJECT ADDED ENTRY--TOPICAL TERM
Topical term or geographic name entry element Stimulants.
650 #0 - SUBJECT ADDED ENTRY--TOPICAL TERM
Topical term or geographic name entry element Alcoholism.
700 1# - ADDED ENTRY--PERSONAL NAME
Personal name Inciardi, James A.
700 1# - ADDED ENTRY--PERSONAL NAME
Personal name Siegal, Harvey A.
Holdings
Withdrawn status Lost status Damaged status Not for loan Home library Current library Shelving location Date acquired Total checkouts Full call number Barcode Date last seen Price effective from Koha item type
        Midway Midway General stacks 22/03/2026   HV5825 .C43 BC0010931 22/03/2026 22/03/2026 Books